The Office (U.S.) - Difficult - Statistics

General Stats
  • This quiz has been taken 7,435 times
  • The average score is 15 of 20
Answer Stats
Hint Answer % Correct
Who loves cats? Angela
99%
Who plays the banjo? Andy
96%
Who is an alcoholic? Meredith
96%
What is Michael's favorite joke/catch phrase? That's what she said
93%
"Bears. Beats. _____________ ______________." - Jim Halpert Battlestar Galactica
89%
What does Michael's mug say? World's Best Boss
89%
"Jan has plastic ___________!" - Michael Scott Boobs
87%
"Before I do anything, I ask myself, 'Would an _________ do that?' And if the answer is yes, I do not do that thing." - Dwight Schrute Idiot
87%
Who is "Fire Guy"? Ryan
86%
What is the name of the movie Michael makes starring most of his friends at the office? Threat Level Midnight
83%
What type of class does Michael take in his free time? Improv
79%
What disease does Meredith find out she might have after Michael hits her with his car? Rabies
78%
For which popular TV show do Erin and Gabe host a viewing party? Glee
74%
On what object does Michael burn his foot? George Foreman Grill
71%
What is Creed's job title? Quality Assurance
65%
What sport is Michael good at? Hockey
64%
"Who says exactly what they're thinking? What kind of _________ is that?" - Kelly Kapoor Game
59%
Who is Justice Beaver? A crime-fighting beaver
58%
On what day do Ryan and Kelly hook up for the first time? February 13th
52%
What is the name of the social networking website that Ryan creates? WUPHF.com
42%
No matching quizzes found
Score Distribution
Percent of People with Each Score
Percentile by Number Answered
Your Score History
You have not taken this quiz